Legislatíva účtovníctva v Európskej únii. 9

Právna úprava účtovania v štátoch Európskej únie. Vykazovanie položiek časového rozlišovania. Vykazovanie vlastného kapitálu.

Salvato in:
Dettagli Bibliografici
Autore principale: Farkaš, Richard
Natura: Capitolo di libro
Lingua:slovacco
Soggetti:
Tags: Aggiungi Tag
Nessun Tag, puoi essere il primo ad aggiungerne!!

MARC

LEADER 00000naa a2200000 4500
001 r018081
005 20221205103233.1
041 0 |a slo 
044 |a SK 
245 1 0 |a Legislatíva účtovníctva v Európskej únii. 9  |c Richard Farkaš 
520 |a Právna úprava účtovania v štátoch Európskej únie. Vykazovanie položiek časového rozlišovania. Vykazovanie vlastného kapitálu. 
610 2 0 |a účtovníctvo 
610 2 0 |a účtovanie 
610 2 0 |a rozlíšenie časové 
610 2 0 |a kapitál obchodný 
610 2 0 |a výkazy účtovné 
610 2 0 |a legislatíva 
610 2 0 |a Európska únia 
100 1 |a Farkaš, Richard